[Event "45th FIDE Chess Olympiad Open"]
[Site "Budapest, Hungary"]
[Date "2024.09.13"]
[Round "3.43"]
[White "Salvadora, Angelo"]
[Black "Francis, Nigel"]
[Result "0-1"]
[WhiteElo "1812"]
[BlackElo "1775"]
[PlyCount "54"]
[EventDate "2024.??.??"]
[WhiteTeam "Palau"]
[BlackTeam "Dominica"]
[WhiteTeamCountry "PAL"]
[WhiteClock "0:51:15"]
[BlackClock "0:41:05"]

1. e4 c5 2. Nf3 Nc6 3. Bc4 e6 4. d3 d5 5. exd5 exd5 6. Bb3 Nf6 ({RR} 6... Be7 7. c3 Nf6 8. O-O O-O 9. Re1 h6 10. Nbd2 Be6 11. Bc2 b5 12. Nb3 a5 13. d4 c4 14. Nbd2 Bd6 15. Nf1 Re8 16. Ne3 Qd7 17. Bd2 Bc7 18. Qb1 Nh5 19. g3 Nf6 20. Nh4 Ne7 21. f4 {Gonzalez Bolivar,J (1898)-Villar,J (2198) Medellin COL 2024 0-1 (44)}) 7. O-O Be7 8. Re1 ({RR} 8. h3 h6 9. c3 O-O 10. Re1 Bf5 11. d4 Re8 12. Be3 c4 13. Bc2 Bxc2 14. Qxc2 Bd6 15. Nbd2 b5 16. Nh4 Qd7 17. Nf5 Bf8 18. Ng3 b4 19. Nf3 Rab8 20. Ne5 Nxe5 21. dxe5 Rxe5 22. Bd4 Rxe1+ {Bortnyk,O (2602)-Pichot,A (2579) Chess.com INT 2019 0-1 (54)}) 8... O-O 9. Nc3 $146 ({RR} 9. c3 Bg4 10. Bg5 Qd6 11. Nbd2 Rae8 12. Nf1 Bd8 13. Ne3 Be6 14. d4 c4 15. Bc2 b5 16. a3 a6 17. Bh4 Ne4 18. Bxd8 Nxd8 19. a4 Bc8 20. axb5 axb5 21. Ra5 Qb6 22. Qa1 Nc6 23. Ra8 Nf6 {De la Fuente Mayan,A (2159)-Campos Moreno,J (2491) Orense 2000 0-1 (53)}) ({RR} 9. a3 Bg4 10. c3 d4 11. Nbd2 dxc3 12. bxc3 Qxd3 13. Bb2 Rad8 14. Qc1 Qg6 15. Ne5 Nxe5 16. Rxe5 Bd6 17. Re1 Bf4 18. Qb1 Bf5 19. Qa2 Rxd2 20. a4 Bxh2+ 21. Kf1 Bd3+ 22. Re2 Qe4 23. Rae1 Bxe2+ {Evans,J (1435)-Djabri,Z (2070) Telford 2005 0-1}) 9... d4 10. Ne4 b6 11. Bg5 Nxe4 12. Bxe7 Nxe7 13. Rxe4 Bb7 14. Re5 Nc6 15. Rf5 Na5 16. Ng5 Nxb3 17. axb3 g6 18. Re5 f6 19. Ne6 Qd6 20. Re2 Rfe8 21. Qe1 Kf7 22. Nf4 Qxf4 23. Rxe8 Rxe8 24. Qf1 a5 25. c3 Re5 26. b4 Bxg2 27. Qd1 Rg5 0-1

[Event "45th FIDE Chess Olympiad Open"]
[Site "Budapest, Hungary"]
[Date "2024.09.13"]
[Round "3.44"]
[White "Auguiste, Lyndon"]
[Black "Mahor Jr, Manuel"]
[Result "1/2-1/2"]
[WhiteElo "1697"]
[BlackElo "1759"]
[PlyCount "142"]
[EventDate "2024.??.??"]
[WhiteTeam "Dominica"]
[BlackTeam "Palau"]
[BlackTeamCountry "PAL"]
[WhiteClock "0:20:49"]
[BlackClock "0:18:40"]

1. e4 e6 2. Nc3 d5 3. d4 dxe4 4. Nxe4 Bd7 5. Nf3 Bc6 6. Bd3 Nd7 7. c3 Ngf6 8. Bg5 Be7 9. Nxf6+ ({RR} 9. Ng3 Nd5 10. Bd2 Bd6 11. O-O Nf4 12. Be4 Bb5 13. Re1 Nf6 14. Nf5 N4h5 15. Qb3 a6 16. c4 Nxe4 17. Rxe4 Bd7 18. Bg5 f6 19. c5 fxg5 20. Rxe6+ Bxe6 21. Qxe6+ Kf8 22. cxd6 cxd6 23. Nxd6 Qe7 {Dourerassou,J (2358)-Toufighi,H (2170) Belfort 2005 0-1 (61)}) 9... Nxf6 10. O-O b6 $146 ({RR} 10... Bxf3 11. Qxf3 c6 12. Rfe1 Qd5 13. Qxd5 cxd5 14. f4 g6 15. Bb5+ Nd7 16. Bxd7+ Kxd7 17. Bxe7 Kxe7 18. Re5 h5 19. Rae1 Kd6 20. Kf2 b5 21. a3 a5 22. Rb1 Rhc8 23. Ke2 b4 24. Kd3 Rab8 25. Ree1 {Van der Merwe,C-Petronic,S (2281) Bled 2002 1-0 (64)}) ({RR} 10... h6 11. Bf4 Bxf3 12. Qxf3 c6 13. Rfe1 Qd5 14. Qe2 O-O 15. Be5 Rad8 16. Bc4 Qd7 17. Rad1 Ne8 18. Qg4 Bf6 19. Bf4 Nd6 20. Bd3 Nf5 21. Be5 Bxe5 22. Rxe5 g6 23. Rde1 Ng7 24. Qh4 h5 25. Qf6 {Atalay,M (1177)-Ekmekcioglu,G (1542) Denizli TUR 2023 0-1 (40)}) ({RR} 10... h6 11. Bh4 Bxf3 12. Qxf3 Qd5 13. Qxd5 Nxd5 14. Bg3 Bd6 15. Bxd6 cxd6 16. Be4 Ne7 17. Bxb7 Rb8 18. Bf3 Rxb2 19. Rab1 Rxb1 20. Rxb1 O-O 21. Rb7 Nc8 22. Kf1 d5 23. Be2 Nd6 24. Rxa7 Rc8 25. Bd3 {Doberitz,P (1766)-Kachibadze,G (1976) Willingen 2006 1-0 (53)}) ({RR} 10... Bxf3 11. Qxf3 Qd5 12. Qxd5 Nxd5 13. Bxe7 Kxe7 14. f4 g6 15. Rae1 f5 16. Bc4 Kf6 17. Re5 Rad8 18. g3 Rd6 19. Rfe1 Rhd8 20. Kf2 b6 21. Bxd5 exd5 22. Re7 R8d7 23. R1e6+ Rxe6 24. Rxd7 Re7 25. Rxd5 {Archibald,A-McNally,B (2010) Grangemouth 1999 1-0 (42)}) 11. Ne5 Bb7 12. Bxf6 Bxf6 13. Bb5+ Kf8 14. f4 Qd5 15. Qe2 Bxe5 16. fxe5 Ke7 17. Rf2 a6 18. Bc4 Qe4 19. Raf1 Raf8 20. Qh5 Qg6 21. Qd1 b5 22. Qb3 Qe4 23. Qb4+ Kd8 24. Bxe6 f6 25. Bf5 Qd5 26. Bh3 Bc8 27. g4 h5 28. Bg2 Qe6 29. gxh5 Rf7 30. Qb3 Rxh5 31. Qxe6 Bxe6 32. d5 Bh3 33. Bxh3 Rxh3 34. exf6 g6 35. Re1 Rd3 36. Re6 Rxd5 37. Rxa6 Rg5+ 38. Rg2 Rxg2+ 39. Kxg2 Ke8 40. Kg3 Rd7 41. Rc6 Kf7 42. h4 Rd2 43. b4 Rxa2 44. Rxc7+ Kxf6 45. Rc5 Rc2 46. Kf4 Rh2 47. Rc6+ Kg7 48. Kg3 Re2 49. Kf3 Rh2 50. Kg4 Rg2+ 51. Kh3 Re2 52. Rc5 Re3+ 53. Kg2 Re2+ 54. Kf3 Rh2 55. Rxb5 Rxh4 56. Rc5 Kf6 57. b5 Ke6 58. Ke2 Rh2+ 59. Kd3 Rh3+ 60. Kc4 Rh7 61. b6 Rb7 62. Kb5 Rg7 63. Rc7 Rxc7 64. bxc7 Kd7 65. Kb6 Kc8 66. Kc6 g5 67. Kd5 Kxc7 68. Ke4 Kc6 69. Kf5 Kd5 70. Kxg5 Kc4 71. Kf4 Kxc3 1/2-1/2

[Event "45th FIDE Chess Olympiad Open"]
[Site "Budapest, Hungary"]
[Date "2024.09.13"]
[Round "3.45"]
[White "Sihlongonyane, Sikhanyiso"]
[Black "Anquandah, Francis Eric"]
[Result "1/2-1/2"]
[WhiteElo "1813"]
[BlackElo "1941"]
[PlyCount "139"]
[EventDate "2024.??.??"]
[WhiteTeam "Eswatini"]
[BlackTeam "Ghana"]
[BlackTeamCountry "GHA"]
[WhiteClock "0:02:39"]
[BlackClock "0:19:44"]

1. e4 d5 2. exd5 Qxd5 3. Nc3 Qa5 4. d4 c6 5. h3 Nf6 6. Nf3 Bf5 7. Bc4 e6 8. O-O Bd6 9. Re1 ({RR} 9. Bg5 Nbd7 10. Re1 O-O 11. g4 Bg6 12. a3 Rad8 13. b4 Qb6 14. Na4 Qc7 15. Qe2 b5 16. Bxe6 fxe6 17. Qxe6+ Bf7 18. Qe2 bxa4 19. Ne5 Rde8 20. f4 Bd5 21. c4 Bf7 22. Rad1 a5 23. c5 Bxe5 {Arbunic Castro,G (1958)-Vargas,M (1974) chess.com INT 2024 0-1 (36)}) 9... O-O ({RR} 9... Qc7 10. Nh4 Bg6 11. Nxg6 hxg6 12. Qf3 Nbd7 13. Ne4 Nxe4 14. Rxe4 Nf6 15. Re1 O-O-O 16. Bf1 Rh5 17. c3 Nd5 18. Bd2 Rf5 19. Qe2 e5 20. c4 Nf4 21. Bxf4 Rxf4 22. c5 Be7 23. Qxe5 Qxe5 24. Rxe5 {Vehi Bach,V (2390)-Ivanov,A (2360) Roses 1992 ½-½ (37)}) 10. Qe2 Qc7 $146 ({RR} 10... b5 11. Bd3 Bxd3 12. Qxd3 Nbd7 13. Ne5 Qc7 14. Nxd7 Qxd7 15. Ne4 Nxe4 16. Qxe4 Rad8 17. Bd2 Bc7 18. c3 c5 19. Be3 c4 20. Bf4 Bxf4 21. Qxf4 a5 22. a3 Rb8 23. Re5 Qd6 24. Qe3 h6 25. a4 {Inkala,P-Alho,S (2098) Tampere 2016 0-1 (31)}) 11. Bg5 Nbd7 12. Rad1 h6 13. Bc1 a6 14. Ne5 c5 15. Nxd7 Nxd7 16. d5 e5 17. Bd3 Bh7 18. Bxh7+ Kxh7 19. Ne4 f5 20. Nxd6 Qxd6 21. c4 Rae8 22. b3 Kg8 23. Bb2 b6 24. Qh5 Kh7 25. Rd3 g6 26. Qe2 Re7 27. Re3 Rfe8 28. f3 Kg8 29. Qc2 b5 30. Qf2 Kh7 31. Qh4 g5 32. Qf2 Kg8 33. Qc2 Rf8 34. Qb1 Kg7 35. Qa1 Rfe8 36. R3e2 Kf7 37. Qb1 Qg6 38. g4 fxg4 39. Qxg6+ Kxg6 40. hxg4 bxc4 41. bxc4 Kf6 42. Ba3 Rb8 43. Re3 Ree8 44. Rb3 Rxb3 45. axb3 Rb8 46. Re3 Ke7 47. Kf2 Kd6 48. Ke2 a5 49. Bc1 Nb6 50. Bd2 Ra8 51. Bc3 Nd7 52. Kd3 a4 53. b4 a3 54. b5 a2 55. Re1 Rf8 56. Re3 Ra8 57. Re1 Ra4 58. Rh1 e4+ 59. fxe4 Ne5+ 60. Bxe5+ Kxe5 61. Ra1 Ra3+ 62. Kc2 Kxe4 63. d6 Ra7 64. Kb3 Rd7 65. Rxa2 Rxd6 66. Ra6 Rd3+ 67. Kc2 Rd4 68. Kc3 Rd3+ 69. Kc2 Rd4 70. Kc3 1/2-1/2

[Event "45th FIDE Chess Olympiad Open"]
[Site "Budapest, Hungary"]
[Date "2024.09.13"]
[Round "3.46"]
[White "Anhwere, Bernard"]
[Black "Mbongeni, Mabuza"]
[Result "0-1"]
[WhiteElo "1893"]
[BlackElo "1784"]
[PlyCount "93"]
[EventDate "2024.??.??"]
[WhiteTeam "Ghana"]
[BlackTeam "Eswatini"]
[WhiteTeamCountry "GHA"]
[WhiteClock "0:28:45"]
[BlackClock "0:25:58"]

1. d4 Nf6 2. Nf3 e6 3. a3 d5 4. g3 Be7 5. Bg2 O-O 6. O-O b6 $146 ({RR} 6... c5 7. c3 Nbd7 8. Ne5 Bd6 9. f4 b6 10. e3 Bb7 11. Nd2 Rc8 12. Ndf3 a6 13. Qd3 Ne4 14. Nxd7 Qxd7 15. Nh4 f5 16. Bd2 Bc6 17. Rfe1 Bb5 18. Qc2 Ba4 19. Qd3 b5 20. Bxe4 dxe4 21. Qf1 {Yu,X (1376)-Guo,H (1528) Shanghai CHN 2024 1-0 (43)}) ({RR} 6... c5 7. dxc5 Bxc5 8. b4 Be7 9. Bb2 Nbd7 10. Nbd2 Nb6 11. Rc1 Na4 12. Ba1 b5 13. Ne5 Bd7 14. c4 bxc4 15. Ndxc4 Bb5 16. Na5 Rc8 17. Nac6 Qc7 18. Qd2 Bd6 19. Qg5 h6 20. Qe3 Nb6 21. Nd4 {Nellen,M (1808)-Emans,J (2035) Vlissingen 2022 0-1 (41)}) 7. c4 Bb7 8. Qc2 Nbd7 9. b4 c5 10. dxc5 bxc5 11. b5 Qc7 12. Bb2 d4 13. Nbd2 e5 14. a4 a5 15. Ba3 Rfe8 16. h4 Bd6 17. Ng5 Bxg2 18. Kxg2 e4 19. Ngxe4 Qb7 20. f3 Bf8 21. Rfe1 h6 22. Qd3 Nxe4 23. Nxe4 f5 24. Nd2 g6 25. e4 Ne5 26. Qf1 Qf7 27. Rac1 f4 28. Re2 Bd6 29. g4 Qe7 30. Qh1 Kh7 31. Qh2 Nxg4 32. Qh3 Ne3+ 33. Kf2 Qe5 34. Rg1 Re6 35. Nb3 d3 36. Bb2 Qh5 37. Rxe3 fxe3+ 38. Kxe3 Rf8 39. Nd2 Bf4+ 40. Kxd3 Rd6+ 41. Kc2 Rxd2+ 42. Kb1 Rxb2+ 43. Kxb2 Qe5+ 44. Kb3 Rd8 45. Qg2 Rd3+ 46. Ka2 Rd2+ 47. Qxd2 0-1

[Event "45th FIDE Chess Olympiad Open"]
[Site "Budapest, Hungary"]
[Date "2024.09.13"]
[Round "3.47"]
[White "Nxumalo, Vuyo"]
[Black "Fomevor, Cephas Clinton"]
[Result "0-1"]
[WhiteElo "1746"]
[BlackElo "1873"]
[PlyCount "92"]
[EventDate "2024.??.??"]
[WhiteTeam "Eswatini"]
[BlackTeam "Ghana"]
[BlackTeamCountry "GHA"]
[WhiteClock "0:18:18"]
[BlackClock "0:16:40"]

1. c4 c6 2. Nf3 Nf6 3. b3 d5 4. Bb2 Bf5 5. e3 e6 6. Nc3 Bd6 ({RR} 6... h6 7. Rc1 a6 8. d4 Qa5 9. Bd3 Bxd3 10. Qxd3 Ba3 {½-½ (10) Cordova,E (2554)-Nyzhnyk,I (2687) Los Angeles USA 2022}) 7. Be2 h6 ({RR} 7... Nbd7 8. Nh4 Bg6 9. Nxg6 hxg6 10. h3 Rc8 11. Qc2 Qe7 12. a3 a6 13. b4 dxc4 14. Bxc4 Nb6 15. Be2 Nbd5 16. O-O O-O 17. d4 Nh5 18. Ne4 Bc7 19. Rfe1 Qh4 20. Nd2 Qe7 21. Rad1 Nhf6 22. Bc4 {Diaz Padilla,R (1799)-Alzate Arango,J Medellin COL 2024 1-0 (31)}) 8. Nd4 $146 ({RR} 8. O-O O-O 9. Re1 Nbd7 10. d3 Rc8 11. e4 dxe4 12. dxe4 Nxe4 13. Nxe4 Bxh2+ 14. Nxh2 Bxe4 15. Qd4 Nf6 16. Qxd8 Rfxd8 17. Bxf6 gxf6 18. Ng4 Kg7 19. Rad1 Bc2 20. Rxd8 Rxd8 21. Ne3 Be4 22. Rd1 Rxd1+ {Dyachuk,A (2298)-Allam,Y (1881) chess.com INT 2023 1-0}) ({RR} 8. O-O O-O 9. d3 Bh7 10. Rc1 Nbd7 11. Rc2 Qe7 12. Qa1 a5 13. Rd2 Rfe8 14. Rc1 Bb4 15. Rdd1 Nc5 16. d4 Nce4 17. Na4 Bd6 18. Ne5 Bc7 19. f3 Nd6 20. Ba3 Qd8 21. Qc3 Nf5 22. g4 Nh4 {Leroy,A (2227)-Renaudin,M (2198) France 2004 ½-½ (68)}) ({RR} 8. d4 Nbd7 9. h3 Ne4 10. Nxe4 Bxe4 11. O-O O-O 12. Nd2 Bh7 13. Bf3 Nf6 14. a3 Re8 15. b4 Rc8 16. Qb3 e5 17. dxe5 Bxe5 18. Bxe5 Rxe5 19. cxd5 cxd5 20. Rac1 Be4 21. Rfd1 Bxf3 22. Nxf3 Re7 {Sibilio,M (2381)-Castiglioni,G (2023) Milan 1981 ½-½}) 8... Bh7 9. f4 Nbd7 10. O-O O-O 11. d3 Rc8 12. Qd2 a6 13. Rad1 Re8 14. Nf3 Bc5 15. Kh1 Ng4 16. Nd4 Qh4 17. Bxg4 Qxg4 18. Rf3 e5 19. Rg3 Qh5 20. fxe5 Nxe5 21. Na4 Nxd3 22. Rf1 Bd6 23. Rxg7+ Kxg7 24. Nf5+ Kg8 25. Nxd6 Nxb2 26. Nxb2 Be4 27. Qf2 f5 28. Nxc8 Rxc8 29. h4 Kh7 30. Kh2 Rg8 31. Rg1 Qe8 32. cxd5 Qe5+ 33. g3 cxd5 34. Nd1 Rc8 35. Re1 Qa1 36. Qf4 Rc2+ 37. Kg1 Rc1 38. Qd6 Qg7 39. Kf2 Rc2+ 40. Re2 Rc1 41. Rd2 Rc6 42. Qb4 Rg6 43. Qd4 Qc7 44. Ke2 Qxg3 45. Nf2 Qf3+ 46. Kf1 Rg1+ 0-1

[Event "45th FIDE Chess Olympiad Open"]
[Site "Budapest, Hungary"]
[Date "2024.09.13"]
[Round "3.48"]
[White "Frempong-Smart Daniel"]
[Black "Mtsetfwa Philani"]
[Result "1-0"]
[WhiteElo "1863"]
[BlackElo "1688"]
[PlyCount "209"]
[EventDate "2024.??.??"]
[WhiteTeam "Ghana"]
[BlackTeam "Eswatini"]
[WhiteTeamCountry "GHA"]
[WhiteClock "0:01:11"]
[BlackClock "0:00:31"]

1. d4 Nf6 2. Nf3 d5 3. g3 Bf5 4. Bg2 e6 5. O-O Bd6 6. c4 c6 7. Nbd2 h6 ({RR} 7... O-O 8. b3 Nbd7 9. Nh4 Bg4 10. Bb2 Re8 11. Re1 a5 12. a3 Qe7 13. Qc2 e5 14. h3 Be6 15. dxe5 Bxe5 16. cxd5 Nxd5 17. Nc4 Bxb2 18. Qxb2 b5 19. Ne5 Qf6 20. Nd3 Qxb2 21. Nxb2 b4 22. Nc4 {Erigaisi,A (2675)-Muradli,M (2537) Chess.com INT 2022 1-0 (43)}) 8. Re1 O-O 9. b3 $146 ({RR} 9. Nh4 Bh7 10. e4 Nxe4 11. Nxe4 Bxe4 12. Bxe4 dxe4 13. Rxe4 Nd7 14. b3 Nf6 15. Re2 Be7 16. Bb2 Nd7 17. Nf3 a5 18. Qe1 Bf6 19. Rd1 Nb6 20. Bc3 Nc8 21. Ne5 a4 22. h4 axb3 23. axb3 Re8 {Neves,J (1375)-Rasskazov,D (1155) Merida 2022 1-0 (60)}) ({RR} 9. Nh4 Bh7 10. e4 dxe4 11. Nxe4 Nxe4 12. Bxe4 Bxe4 13. Rxe4 Nd7 14. b3 Nf6 15. Re2 Qa5 16. Bd2 Qh5 17. Re1 Qxd1 18. Raxd1 c5 19. d5 exd5 20. cxd5 Rfe8 21. Bc3 a6 22. Nf5 Bf8 23. a4 Rad8 {Stroganov,A (1890)-Demidov,V (2084) Nebug 2013 0-1}) 9... Nbd7 10. Bb2 Qc7 11. Rc1 Ne4 12. cxd5 exd5 13. Nh4 Bh7 14. Nxe4 dxe4 15. Bh3 Nf6 16. e3 Qa5 17. Bc3 Qd5 18. Bf1 Qe6 19. Rc2 g5 20. Ng2 Bg6 21. Be2 Nd5 22. Bd2 f5 23. Bh5 Kg7 24. Bxg6 Kxg6 25. Qe2 g4 26. h4 h5 27. Rb1 Qe7 28. b4 a6 29. Rcb2 Nb6 30. Be1 Qf7 31. Qd1 Nc4 32. Rb3 b5 33. Bd2 Qd5 34. Qc2 Kh6 35. Bc3 Kg6 36. Ra1 Rf7 37. a4 Rfa7 38. Ra2 Kh6 39. Rb1 Bb8 40. Rba1 Qd7 41. Qe2 Kg6 42. Ne1 Qd5 43. Ng2 Qd7 44. Kh2 Kh6 45. Rd1 Qd5 46. Raa1 Nb6 47. a5 Nc4 48. Kg1 Bd6 49. Ne1 Rc7 50. Rac1 Kg6 51. Nc2 Rac8 52. Na1 Rd7 53. Nb3 Rcd8 54. Na1 Be7 55. Kg2 Bd6 56. Re1 Be7 57. Qd1 Bd6 58. Nb3 Kf7 59. Ra1 Be7 60. Qc2 Ke8 61. Nc1 Bd6 62. Rd1 Kf7 63. Ne2 Bc7 64. Be1 Bd6 65. Nc3 Qe6 66. d5 cxd5 67. Nxd5 Be5 68. Nc3 Rxd1 69. Rxd1 Rxd1 70. Qxd1 Nb2 71. Qd8 Nd3 72. Bd2 Bf6 73. Qc7+ Kg6 74. Kf1 Be5 75. Qd8 Bf6 76. Qc7 Be5 77. Qb6 Kf7 78. Qb7+ Kg6 79. Nd5 Qd6 80. Ne7+ Kf6 81. Ng8+ Kg6 82. Qc8 Kg7 83. Qe8 Qf8 84. Qxf8+ Kxf8 85. Nh6 Bd6 86. Nxf5 Bxb4 87. Bxb4+ Nxb4 88. Nd6 Nc6 89. Nxe4 Ke7 90. Nc5 Nxa5 91. Nxa6 Nc6 92. Nc5 Kd6 93. Nd3 b4 94. Ke2 Kd5 95. Nf4+ Kc4 96. Kd2 Kb3 97. Nxh5 Ka2 98. Nf4 b3 99. Nd5 b2 100. Nc3+ Ka1 101. h5 Nb4 102. h6 Nd5 103. h7 Nxc3 104. h8=Q Ne4+ 105. Kc2 1-0

[Event "45th FIDE Chess Olympiad Open"]
[Site "Budapest, Hungary"]
[Date "2024.09.13"]
[Round "3.49"]
[White "Hemam, Moulaye Brahim"]
[Black "Moncur, Cecil"]
[Result "0-1"]
[WhiteElo "1977"]
[BlackElo "1839"]
[PlyCount "54"]
[EventDate "2024.??.??"]
[WhiteTeam "Mauritania"]
[BlackTeam "Bahamas"]
[WhiteTeamCountry "MAU"]
[BlackTeamCountry "BAH"]
[WhiteClock "0:16:46"]
[BlackClock "0:51:27"]

1. d4 g6 2. c4 Bg7 3. Nc3 d6 4. e4 Nc6 5. Be3 e5 6. d5 Nce7 7. g4 f5 8. gxf5 gxf5 9. Qh5+ Ng6 10. exf5 Qh4 11. Qf3 N6e7 12. Bd3 ({RR} 12. Nb5 Kd8 13. Qg2 Bh6 14. Nf3 Qf6 15. Rg1 Bxf5 16. Ng5 Kd7 17. O-O-O Rf8 18. c5 Bxg5 19. Bxg5 Qg6 20. Nxa7 h6 21. Bb5+ Kd8 22. Be3 Qxg2 23. Rxg2 Ng6 24. a4 dxc5 25. a5 N8e7 26. Bxc5 Rfg8 {Sasikiran,K (2663)-Kakageldyev,A (2483) Esfahan 2005 1-0 (34)}) ({RR} 12. Nb5 Kd8 13. Nh3 Bh6 14. Bd3 a6 15. Nc3 Bxe3 16. Qxe3 Nxf5 17. Qg5+ Qxg5 18. Nxg5 Ke7 19. Ne6 Bxe6 20. dxe6 Nd4 21. Nd5+ Kd8 22. O-O-O Nxe6 23. Bf5 Nd4 24. Bh3 Ne7 25. Nxe7 Kxe7 26. Rhe1 c5 {Husbands,O (2353)-Moncur,C (1815) Chennai 2022 ½-½ (63)}) 12... Nh6 13. Qe2 $146 ({RR} 13. f6 Rf8 14. Nb5 Bg4 15. Nxc7+ Kd8 16. Qg3 Qxf6 17. Nxa8 e4 18. Bxe4 Nef5 19. Bxf5 Nxf5 20. Qf4 Qxb2 21. Rc1 Bh6 22. Qxg4 Bxe3 23. fxe3 Qxc1+ 24. Ke2 Qc2+ 25. Ke1 Qc1+ 26. Ke2 Qc2+ 27. Ke1 Qc3+ {Heckler,M-Lorscheid,G Wittlich 1983 0-1 (32)}) ({RR} 13. f6 Rf8 14. Ne4 Bxf6 15. Nxf6+ Rxf6 16. Qg3 Qh5 17. Qg7 Ng4 18. Qxh7 Qxh7 19. Bxh7 Nxe3 20. fxe3 Nf5 21. Ke2 Nh4 22. h3 Ke7 23. Rh2 Bd7 24. Rf1 Rh6 25. Be4 Rg8 26. Rhf2 Be8 27. Kd3 Rg3 {Raupp,T (2259)-Van Amerongen,A (1992) Bad Woerishofen GER 2024 ½-½ (41)}) ({RR} 13. f6 Bxf6 14. Ne4 O-O 15. Qg3+ Qxg3 16. hxg3 Ng4 17. Bd2 Bg7 18. f3 Nf6 19. Nxf6+ Bxf6 20. Bxh7+ Kf7 21. Be4 Bf5 22. Ne2 Rh8 23. Kf2 c6 24. Kg2 cxd5 25. cxd5 Rac8 26. Nc3 a6 27. Rxh8 Bxh8 {Pedersen,B (2157)-Rossen,C (2210) Aarhus 2001 ½-½ (51)}) ({RR} 13. f6 Bxf6 14. Ne4 Nhf5 15. Qh5+ Kd8 16. Nxf6 Qxf6 17. Bg5 Qg6 18. Qxg6 hxg6 19. h4 Bd7 20. Ne2 a6 21. f4 exf4 22. Nxf4 Rg8 23. Kd2 Ke8 24. Rhf1 Kf7 25. Rae1 {1-0 (25) Benjamin,J (2555)-McCarthy,J Somerset 1986}) 13... Nhxf5 14. Nf3 Qh5 15. Nb5 Kd8 16. Ng5 Qe8 17. Nxa7 Nxe3 18. Nxc8 Ng2+ 19. Kf1 Nf4 20. Qg4 Rxc8 21. Bxh7 Bh6 22. h4 Bxg5 23. hxg5 Qf7 24. Qh4 Neg6 25. Qh6 b6 26. Rh2 c5 27. Re1 Rc7 0-1

[Event "45th FIDE Chess Olympiad Open"]
[Site "Budapest, Hungary"]
[Date "2024.09.13"]
[Round "3.50"]
[White "Pride, Avian"]
[Black "Abdellahi Khaled Abdellahi"]
[Result "0-1"]
[WhiteElo "1743"]
[BlackElo "1894"]
[PlyCount "158"]
[EventDate "2024.??.??"]
[WhiteTeam "Bahamas"]
[BlackTeam "Mauritania"]
[WhiteTeamCountry "BAH"]
[BlackTeamCountry "MAU"]
[WhiteClock "0:24:18"]
[BlackClock "0:09:33"]

1. d4 d5 2. c4 c6 3. cxd5 cxd5 4. Nc3 Nc6 5. Nf3 Nf6 6. Bf4 Bf5 7. e3 e6 8. Bb5 Bd6 9. Bxd6 Qxd6 10. O-O ({RR} 10. Ne5 O-O 11. f4 a6 12. Bd3 Bxd3 13. Qxd3 g6 14. O-O Rac8 15. a3 Nd7 16. Rf2 Ndxe5 17. fxe5 Qe7 18. e4 Rcd8 19. exd5 exd5 20. Raf1 Rd7 21. Qe3 b5 22. Rf6 b4 23. Rxc6 bxc3 24. Rxc3 Rb7 {Arnold,K-Floresvillar Gonzalez,L (2101) Chess.com INT 2022 1-0 (38)}) 10... O-O 11. a3 h6 $146 ({RR} 11... Bg4 12. Be2 Na5 13. Qa4 Qb6 14. Qd1 Rac8 15. Na4 Qb3 16. Qxb3 Nxb3 17. Rad1 Ne4 18. Rfe1 Bxf3 19. gxf3 Nd6 20. Nc3 f5 21. Kh1 Rf6 22. Bf1 Rh6 23. Bg2 Rh4 24. h3 Rc4 25. Rd3 h6 26. Kh2 {Kociscak,J-Boran,O Frydek Mistek 2002 1-0 (40)}) ({RR} 11... Nd7 12. Be2 a6 13. b4 b5 14. Qb3 Nb6 15. Nd2 Nc4 16. Nxc4 dxc4 17. Qb2 Bg6 18. Rad1 Rfd8 19. f4 Rac8 20. d5 Ne7 21. e4 Qb6+ 22. Kh1 h6 23. dxe6 fxe6 24. Bg4 Rd3 25. Rxd3 cxd3 26. Qd2 {Iniyan,P (1534)-Zhalmakhanov,R Porto Carras 2010 1-0}) ({RR} 11... Rfc8 12. Bd3 Bg4 13. Be2 Na5 14. Ne5 Bxe2 15. Nxe2 Nc4 16. Nxc4 dxc4 17. Nc3 b5 18. b4 a5 19. Nxb5 Qb6 20. Nc3 axb4 21. axb4 Qxb4 22. Qc2 Rxa1 23. Rxa1 Qb3 24. Rc1 Ra8 25. Kf1 Qb8 26. g3 {Archer Lock,A (1844)-Al Tarbosh,W (2258) Burdur 2010 ½-½ (57)}) 12. h3 Rac8 13. Rc1 a6 14. Bd3 Bxd3 15. Qxd3 Na5 16. Nd2 Qd7 17. Ne2 b5 18. b4 Nc4 19. Nb3 Qa7 20. Nc5 Rfd8 21. f3 Nd7 22. Rfd1 Nb2 23. Qb3 Nxd1 24. Qxd1 Nxc5 25. bxc5 a5 26. Qb3 Rb8 27. e4 dxe4 28. fxe4 Rdc8 29. Nf4 b4 30. a4 e5 31. Nd3 exd4 32. Rf1 Qe7 33. Kh1 Qe6 34. Qd5 Rd8 35. Qxe6 fxe6 36. e5 b3 37. Rb1 b2 38. Kg1 Rb3 39. Nf2 Rc8 40. Ne4 Rc6 41. Kf2 Re3 42. Nd2 Rxe5 43. Rxb2 Rexc5 44. Ke2 Rc3 45. Rb5 Re3+ 46. Kd1 d3 47. Rxa5 Re2 48. Ra8+ Kh7 49. Rd8 Rxg2 50. Rxd3 Rc5 51. Re3 Rd5 52. Re2 Rxe2 53. Kxe2 Rd4 54. a5 Ra4 55. Nb3 Ra3 56. Nd4 Rxa5 57. Kf3 e5 58. Nc6 Ra3+ 59. Kg4 e4 60. Nd4 Kg6 61. Ne2 h5+ 62. Kf4 Kf6 63. Kxe4 Rxh3 64. Ng1 Rh1 65. Nf3 g5 66. Nd2 Rh3 67. Nf1 g4 68. Nd2 Ra3 69. Kf4 Ra4+ 70. Kg3 Kg5 71. Nf1 h4+ 72. Kg2 Ra2+ 73. Kh1 g3 74. Ne3 h3 75. Kg1 Re2 76. Ng2 Rxg2+ 77. Kf1 Rf2+ 78. Kg1 Kg4 79. Kh1 Rf1# 0-1

[Event "45th FIDE Chess Olympiad Open"]
[Site "Budapest, Hungary"]
[Date "2024.09.13"]
[Round "3.51"]
[White "Cheikhna, Mohamed Lemine"]
[Black "Whyms, Chapell"]
[Result "1-0"]
[WhiteElo "1884"]
[BlackElo "1701"]
[PlyCount "57"]
[EventDate "2024.??.??"]
[WhiteTeam "Mauritania"]
[BlackTeam "Bahamas"]
[WhiteTeamCountry "MAU"]
[BlackTeamCountry "BAH"]
[WhiteClock "1:03:25"]
[BlackClock "0:02:11"]

1. e4 c6 2. d3 d5 3. Nf3 dxe4 4. dxe4 Qxd1+ 5. Kxd1 Nf6 6. Nfd2 Ng4 7. Ke1 e5 8. Nb3 Be6 9. f3 Nf6 10. Be3 Nbd7 11. N1d2 a5 $146 ({RR} 11... Bd6 12. a4 a5 13. Bc4 Ke7 14. Ke2 Rhd8 15. Rhd1 b6 16. Bxe6 Kxe6 17. Nc4 Bc7 18. Nc1 b5 19. Nd2 Ne8 20. Nd3 Nd6 21. b3 Nb7 22. c4 b4 23. c5 f6 24. Rac1 Nf8 25. Nc4 Ke7 26. Nb6 {Vachier Lagrave,M (2731)-Bryakin,M (2486) Samarkand UZB 2023 ½-½ (54)}) ({RR} 11... Bb4 12. c3 Bd6 13. a4 Ke7 14. Bc4 Rhd8 15. Ke2 Bc7 16. Bxe6 Kxe6 17. Rhd1 Ne8 18. Nc4 b6 19. Rd3 Nd6 20. Na3 a6 21. Rad1 Nb7 22. Nc2 Bd6 23. Ncd4+ exd4 24. Nxd4+ Kf6 25. Nxc6 Re8 26. Rxd6+ {Harikrishna,P (2704)-Samunenkov,I (2501) Bucharest ROU 2023 1-0 (33)}) 12. a4 Bb4 13. c3 Be7 14. Bc4 Bxc4 15. Nxc4 b6 16. Ke2 O-O 17. Rhd1 Rfd8 18. Rd2 b5 19. Ncxa5 Nb8 20. Rxd8+ Bxd8 21. Nb7 Be7 22. a5 Na6 23. N3c5 Bxc5 24. Nxc5 Nxc5 25. Bxc5 Nd7 26. Be3 Nb8 27. Rd1 Kf8 28. Rd8+ Ke7 29. Bb6 1-0

[Event "45th FIDE Chess Olympiad Open"]
[Site "Budapest, Hungary"]
[Date "2024.09.13"]
[Round "3.52"]
[White "Skinner, Francis"]
[Black "Abdou Ahmed Alem"]
[Result "0-1"]
[WhiteElo "1628"]
[BlackElo "1897"]
[PlyCount "70"]
[EventDate "2024.??.??"]
[WhiteTeam "Bahamas"]
[BlackTeam "Mauritania"]
[WhiteTeamCountry "BAH"]
[BlackTeamCountry "MAU"]
[WhiteClock "0:03:17"]
[BlackClock "0:05:52"]

1. e4 c6 2. d4 d5 3. Nc3 dxe4 4. Nxe4 Nf6 5. Ng3 h5 6. h3 h4 7. N3e2 Bf5 8. Nf3 Ne4 ({RR} 8... e6 9. c3 Nbd7 10. Bg5 Qc7 11. Bxh4 O-O-O 12. Bg3 Bd6 13. Bxd6 Qxd6 14. Ng3 Bg6 15. Bd3 Bh5 16. Qe2 g5 17. Nxh5 Nxh5 18. g3 g4 19. Ng5 Nxg3 20. fxg3 Qxg3+ 21. Kd2 Rdf8 22. Rag1 Qd6 23. hxg4 {Seletsky,G (2204)-Winkels,M (1901) chess.com INT 2024 1-0}) 9. c3 e6 10. Be3 Bd6 11. Nf4 $146 ({RR} 11. Nc1 Nd7 12. Bd3 f6 13. Qc2 Ng5 14. Bxf5 Nxf3+ 15. gxf3 exf5 16. Qxf5 Qe7 17. Nd3 O-O-O 18. O-O-O Qf7 19. Qa5 Kb8 20. Rhg1 Nb6 21. Qf5 Rdg8 22. Bf4 Bxf4+ 23. Qxf4+ Ka8 24. Kb1 Qd7 25. Qg4 Qc7 {Lechner,O (1820)-Meyer,T (1740) Bad Woerishofen 2000 1-0 (34)}) 11... Qc7 12. Nd3 Nd7 13. Qb3 a6 14. O-O-O b5 15. Nd2 a5 16. Nxe4 Bxe4 17. Qc2 a4 18. Qd2 O-O 19. f3 Bd5 20. Kb1 c5 21. dxc5 Nxc5 22. Nb4 Rfd8 23. Nxd5 exd5 24. Bg5 Rdb8 25. Qxd5 Bf8 26. Bxb5 Qb6 27. c4 Qg6+ 28. Kc1 Nb3+ 29. axb3 axb3 30. Kd2 Qc2+ 31. Ke3 Re8+ 32. Bxe8 Rxe8+ 33. Kf4 Qf2 34. Bxh4 Qxh4+ 35. g4 g6 0-1